000 00309nam a22001337a 4500
999 _c12196
_d12196
020 _a978-81-265-7600-5
082 _a005.27
100 _aRichard Blum
245 _aPHP,MySQL and JavaScript for dummies
260 _aNew Delhi
_bWiley
_c2018
300 _a774
650 _aComputer Science
942 _cBK